000 00724nam a2200241 4500
003 OSt
005 20240722052545.0
006 a
008 240722b |||||||| |||| 00| 0 eng d
020 _a9789814239646
040 _aDWCL-Main lib.
_cOC
082 _aCirc. 610.73 C641 2008
245 _aClinical comparison to accompany contemporary medical-surgical nursing /
260 _aSingapore :
_bThompson Learning Asia,
_cc2008.
300 _axiv,
_b437 p. ;
_c22 cm.
504 _aIncludes index.
650 _a1. Nursing-Study and teaching.
650 _a2. Surgical nursing.
650 _a3. Nursing care.
650 _a4. Operating room nursing
700 _aRick Daniels
942 _2ddc
_n0
_cBK-CIRC
_kCirc.
999 _c2511
_d2511